[Event "CRO-chT U20 24th"]
[Site "Sv Filip i Jakov"]
[Date "2015.04.04"]
[Round "11.3"]
[White "Markovic, Franjo Josip"]
[Black "Jelic, Filip"]
[Result "1-0"]
[WhiteElo "1846"]
[BlackElo "1941"]
[PlyCount "67"]
[EventDate "2015.03.30"]
[EventType "team-tourn"]
[EventRounds "11"]
[EventCountry "CRO"]
[SourceTitle "CBM 165 Extra"]
[Source "ChessBase"]
[SourceDate "2015.04.21"]
[SourceVersion "1"]
[SourceVersionDate "2015.04.21"]
[SourceQuality "1"]

1. d4 d5 2. c4 c6 3. Nf3 Nf6 4. Nc3 dxc4 5. a4 Bf5 6. e3 Bd3 7. Bxd3 cxd3 8. Qxd3 e6 9. 0-0 Be7 10. e4 0-0 11. Rd1 Na6 12. Bg5 Nb4 13. Qe2 Qa5 14. d5 h6 15. Bxf6 gxf6 16. dxe6 Rad8 17. exf7+ Kxf7 18. Qc4+ Kg7 19. Nh4 Kh7 20. Nf5 Qc7 21. Rxd8 Qxd8 22. Rd1 Qe8 23. Qe6 Bc5 24. Rd7+ Kh8 25. Qxe8 Rxe8 26. Nxh6 b5 27. axb5 cxb5 28. Ng4 Re6 29. h4 a6 30. Kh2 Nc6 31. Nd5 Rxe4 32. Ndxf6 Re7 33. Rd5 Bd4 34. Rg5 1-0

[Event "CRO-chT U20 24th"]
[Site "Sv Filip i Jakov"]
[Date "2015.04.03"]
[Round "10.5"]
[White "Jelic, Filip"]
[Black "Spoljar, Zvonimir"]
[Result "0-1"]
[WhiteElo "1941"]
[BlackElo "1711"]
[PlyCount "66"]
[EventDate "2015.03.30"]
[EventType "team-tourn"]
[EventRounds "11"]
[EventCountry "CRO"]
[SourceTitle "CBM 165 Extra"]
[Source "ChessBase"]
[SourceDate "2015.04.21"]
[SourceVersion "1"]
[SourceVersionDate "2015.04.21"]
[SourceQuality "1"]

1. e4 c5 2. Nf3 e6 3. d4 cxd4 4. Nxd4 Nc6 5. Be3 Nf6 6. Nc3 a6 7. a3 Qc7 8. Be2 Be7 9. 0-0 0-0 10. f4 d6 11. Rf3 Ng4 12. Nxc6 bxc6 13. Bd2 Qb6+ 14. Kh1 Nf2+ 15. Rxf2 Qxf2 16. Be1 Qb6 17. Na4 Qc7 18. Bf2 c5 19. c4 Bb7 20. Bf3 Rfd8 21. Rc1 Bc6 22. b4 Qb7 23. bxc5 dxc5 24. Qc2 Bxa4 25. Qxa4 Qd7 26. Qxd7 Rxd7 27. Rb1 Rd3 28. Rb7 Bf8 29. e5 Rxa3 30. h3 Rc8 31. Ra7 a5 32. Kh2 Ra1 33. Be3 a4 0-1

[Event "CRO-chT U20 24th"]
[Site "Sv Filip i Jakov"]
[Date "2015.04.03"]
[Round "9.2"]
[White "Skoblar, Mate"]
[Black "Jelic, Filip"]
[Result "0-1"]
[WhiteElo "1463"]
[BlackElo "1941"]
[PlyCount "92"]
[EventDate "2015.03.30"]
[EventType "team-tourn"]
[EventRounds "11"]
[EventCountry "CRO"]
[SourceTitle "CBM 165 Extra"]
[Source "ChessBase"]
[SourceDate "2015.04.21"]
[SourceVersion "1"]
[SourceVersionDate "2015.04.21"]
[SourceQuality "1"]

1. d4 d5 2. Bf4 Nf6 3. e3 c6 4. Nf3 Bf5 5. c4 e6 6. Nc3 Bd6 7. Bg3 0-0 8. Bd3 Bxd3 9. Qxd3 Re8 10. Ne5 Nbd7 11. Nxd7 Qxd7 12. Bxd6 Qxd6 13. 0-0 Rad8 14. cxd5 Nxd5 15. a3 Nf6 16. Qe2 e5 17. dxe5 Qxe5 18. Rfd1 Qe7 19. Qf3 Rxd1+ 20. Rxd1 Rd8 21. h3 h6 22. Kf1 Rd7 23. Rxd7 Qxd7 24. Ke1 Kf8 25. Ne4 Nxe4 26. Qxe4 Qe7 27. Qd4 c5 28. Qd5 Qc7 29. b3 a6 30. Kd2 Ke7 31. Kd3 Qd6 32. Ke4 Qe6+ 33. Qxe6+ Kxe6 34. f3 b5 35. g4 g6 36. Kd3 Kd5 37. a4 f6 38. Kc3 Ke5 39. Kd3 f5 40. f4+ Kd5 41. a5 c4+ 42. bxc4+ bxc4+ 43. Kc3 fxg4 44. hxg4 h5 45. f5 hxg4 46. fxg6 Ke6 0-1

[Event "CRO-chT U20 24th"]
[Site "Sv Filip i Jakov"]
[Date "2015.04.01"]
[Round "5.2"]
[White "Jelic, Filip"]
[Black "Toplak, Juraj"]
[Result "1/2-1/2"]
[WhiteElo "1941"]
[BlackElo "1751"]
[PlyCount "75"]
[EventDate "2015.03.30"]
[EventType "team-tourn"]
[EventRounds "11"]
[EventCountry "CRO"]
[SourceTitle "CBM 165 Extra"]
[Source "ChessBase"]
[SourceDate "2015.04.21"]
[SourceVersion "1"]
[SourceVersionDate "2015.04.21"]
[SourceQuality "1"]

1. e4 e6 2. d4 d5 3. Nd2 Nf6 4. e5 Nfd7 5. Bd3 c5 6. c3 b6 7. f4 Ba6 8. Ndf3 Bxd3 9. Qxd3 Nc6 10. Ne2 Qc7 11. a3 c4 12. Qc2 Na5 13. f5 exf5 14. Qxf5 g6 15. Qf4 Qc6 16. Ng5 f6 17. e6 fxg5 18. Qf7+ Kd8 19. Bxg5+ Kc8 20. exd7+ Qxd7 21. 0-0 Nc6 22. Qxd7+ Kxd7 23. Rf7+ Be7 24. Raf1 Raf8 25. Bxe7 Rxf7 26. Rxf7 Nxe7 27. Nf4 Ke8 28. Rg7 Rf8 29. g3 Rf7 30. Rxf7 Kxf7 31. h4 h6 32. Kf2 g5 33. hxg5 hxg5 34. Ng2 Ng8 35. Ne3 Ke6 36. Ng4 Nf6 37. Nxf6 Kxf6 38. g4 1/2-1/2

[Event "CRO-chT U20 24th"]
[Site "Sv Filip i Jakov"]
[Date "2015.04.01"]
[Round "6.6"]
[White "Radikovic, Anamarija"]
[Black "Jelic, Filip"]
[Result "1/2-1/2"]
[WhiteElo "1463"]
[BlackElo "1941"]
[PlyCount "64"]
[EventDate "2015.03.30"]
[EventType "team-tourn"]
[EventRounds "11"]
[EventCountry "CRO"]
[SourceTitle "CBM 165 Extra"]
[Source "ChessBase"]
[SourceDate "2015.04.21"]
[SourceVersion "1"]
[SourceVersionDate "2015.04.21"]
[SourceQuality "1"]

1. e4 e6 2. d4 d5 3. exd5 exd5 4. c4 Nf6 5. Nf3 Bd6 6. c5 Be7 7. Bd3 Nc6 8. h3 0-0 9. 0-0 b6 10. Bb5 Bd7 11. Qa4 Qe8 12. Re1 Ne4 13. Nc3 a6 14. Bd3 Nxc3 15. bxc3 bxc5 16. dxc5 Ne5 17. Qd1 Nxd3 18. Qxd3 c6 19. Ng5 g6 20. Be3 Qd8 21. Nf3 Bf5 22. Qd2 f6 23. Nd4 Bd7 24. Bh6 Rf7 25. Ne6 Qc8 26. Qe3 Bxe6 27. Qxe6 Bxc5 28. Qxc8+ Rxc8 29. Be3 Bd6 30. Rab1 Bc7 31. Bb6 Be5 32. Bd4 Re7 1/2-1/2

[Event "CRO-chT U20 24th"]
[Site "Sv Filip i Jakov"]
[Date "2015.03.31"]
[Round "4.5"]
[White "Krsnik Cohar, Ivan Vihor"]
[Black "Jelic, Filip"]
[Result "1-0"]
[WhiteElo "2283"]
[BlackElo "1941"]
[PlyCount "87"]
[EventDate "2015.03.30"]
[EventType "team-tourn"]
[EventRounds "11"]
[EventCountry "CRO"]
[SourceTitle "CBM 165 Extra"]
[Source "ChessBase"]
[SourceDate "2015.04.21"]
[SourceVersion "1"]
[SourceVersionDate "2015.04.21"]
[SourceQuality "1"]

1. d4 Nf6 2. Nf3 d5 3. Bg5 Ne4 4. Bf4 Bf5 5. e3 e6 6. Nbd2 Nd7 7. Nxe4 Bxe4 8. Be2 Bd6 9. Bxd6 cxd6 10. c3 0-0 11. 0-0 Rb8 12. Nd2 Bg6 13. f4 f6 14. Bg4 Bf7 15. Qe2 b5 16. a3 Qc7 17. Qf2 a5 18. Rac1 Nb6 19. Rfe1 Nc4 20. Nf1 Rb6 21. Bf3 f5 22. g4 fxg4 23. Bxg4 Qb7 24. Bf3 e5 25. Ng3 e4 26. Bd1 Be6 27. Qg2 Qd7 28. Qe2 Bf5 29. Kh1 Rfb8 30. Rg1 g6 31. Nxf5 Qxf5 32. Rg5 Qh3 33. Rg3 Qe6 34. Qg2 b4 35. axb4 axb4 36. f5 Qxf5 37. Bg4 Qf6 38. Rf1 Qe7 39. Bf5 Kh8 40. Bxg6 Nxe3 41. Rxe3 Rg8 42. Rf7 Qh4 43. Rh3 Qxh3 44. Qxh3 1-0

[Event "CRO-chT U20 24th"]
[Site "Sv Filip i Jakov"]
[Date "2015.03.30"]
[Round "2.4"]
[White "Cotic, Borna"]
[Black "Jelic, Filip"]
[Result "0-1"]
[WhiteElo "1604"]
[BlackElo "1941"]
[PlyCount "54"]
[EventDate "2015.03.30"]
[EventType "team-tourn"]
[EventRounds "11"]
[EventCountry "CRO"]
[SourceTitle "CBM 165 Extra"]
[Source "ChessBase"]
[SourceDate "2015.04.21"]
[SourceVersion "1"]
[SourceVersionDate "2015.04.21"]
[SourceQuality "1"]

1. e4 e6 2. d4 d5 3. Nd2 Nf6 4. e5 Nfd7 5. Bd3 c5 6. c3 Nc6 7. Ne2 cxd4 8. cxd4 Be7 9. 0-0 0-0 10. Nf3 f6 11. exf6 Nxf6 12. Re1 Qb6 13. Rb1 Nb4 14. a3 Nxd3 15. Qxd3 Bd7 16. Nc3 Rac8 17. Bg5 Be8 18. Ne5 Bd6 19. Qe3 Nd7 20. Nxd7 Bxd7 21. Qd2 Be8 22. Rbc1 h6 23. Bh4 Bf4 24. Qe2 Bxc1 25. Rxc1 Qxd4 26. Qxe6+ Bf7 27. Qd7 Qxh4 0-1